书目信息 |
| 题名: |
读屏时代
|
|
| 作者: | 巴伦 著 ;庞洋 , 周凯 译 | |
| 分册: | ||
| 出版信息: | 北京 电子工业出版社 2016 |
|
| 页数: | 13,312页 | |
| 开本: | 24cm | |
| 丛书名: | ||
| 单 册: | ||
| 中图分类: | G255.75 | |
| 科图分类: | ||
| 主题词: | 电子图书--dian zi tu shu--阅读--研究 | |
| 电子资源: | ||
| ISBN: | 978-7-121-29233-0 | |
| 000 | 01101nam0 22002771 450 | |
| 001 | 1755151363 | |
| 005 | 20170602161327.0 | |
| 010 | @a978-7-121-29233-0@dCNY55.00 | |
| 100 | @a20160808d2016 em y0chiy50 ea | |
| 101 | 1 | @achi@ceng |
| 102 | @aCN@b110000 | |
| 105 | @aa z 000yy | |
| 106 | @ar | |
| 200 | 1 | @a读屏时代@Adu ping shi dai@e数字世界里我们阅读的意义@dWords onscreen@ethe fate of reading in a digital world@f(美)Naomi S. Baron著@g庞洋,周凯译@zeng |
| 210 | @a北京@c电子工业出版社@d2016 | |
| 215 | @a13,312页@c图@d24cm | |
| 330 | @a本书内容包括:阅读的进化、读者重塑写作、屏幕文字的吸引力、阅读的社交性、大脑对超文本阅读的反应、电子阅读的未来等。 | |
| 510 | 1 | @aWords onscreen@ethe fate of reading in a digital world@zeng |
| 517 | 1 | @a数字世界里我们阅读的意义@Ashu zi shi jie li wo men yue du de yi yi |
| 606 | 0 | @a电子图书@Adian zi tu shu@x阅读@x研究 |
| 690 | @aG255.75@v5 | |
| 701 | 0 | @c(美)@a巴伦@Aba lun@c(女,Baron, Naomi S.)@4著 |
| 702 | 0 | @a庞洋@Apang yang@4译 |
| 702 | 0 | @a周凯@Azhou kai@4译 |
| 801 | 0 | @aCN@bTANGWEI@c20170602 |
| 905 | @b0972335-8@dG255.75@e37@f4 | |
| 读屏时代:数字世界里我们阅读的意义=Words onscreen:the fate of reading in a digital world/(美)Naomi S. Baron著/庞洋,周凯译.-北京:电子工业出版社,2016 |
| 13,312页:图;24cm |
| ISBN 978-7-121-29233-0:CNY55.00 |
| 本书内容包括:阅读的进化、读者重塑写作、屏幕文字的吸引力、阅读的社交性、大脑对超文本阅读的反应、电子阅读的未来等。 |
| ● |
| 相关链接 |
|
|
|
|
正题名:读屏时代
索取号:G255.75/37
 
预约/预借
| 序号 | 登录号 | 条形码 | 馆藏地/架位号 | 状态 | 备注 |
| 1 | 0972335 | 209723352 | 第一样本阅览室/ [索取号:G255.75/37] | 在馆 | |
| 2 | 0972336 | 209723361 | 第四借阅区/ [索取号:G255.75/37] | 在馆 | |
| 3 | 0972337 | 209723370 | 第四借阅区/ [索取号:G255.75/37] | 在馆 | |
| 4 | 0972338 | 209723389 | 第四借阅区/ [索取号:G255.75/37] | 在馆 |